Datum a čas kvízu
22
Celkem bodů
Celkový počet nahraných bodů na tomto kvízu bez doplňovacích otázek.
5.
Pořadí na kvízu
Konečné umístění týmu na tomto kvízu.
Zaznamenané odpovědi
| # | Otázka | Odpověď | Body | Výsledky |
|---|---|---|---|---|
| 1. | O tom, že Tomáš Tuhý míří do B... | 0 | ||
| 2. | Sobotní protesty proti zvyšová... | 1 | ||
| 3. | Třicetiletá oscarová zpěvačka... | 0 | ||
| 4. | Americký provozovatel celosvět... | 0 | ||
| 5. | Nejdříve David Limberský, poté... | 0 | ||
| 6. | Čertů se v kultuře, zeměpisnýc... | 0 | ||
| 7. | Roli čerta v pohádce Čert ví p... | 0 | ||
| 8. | Tenkrát bylo veselo a dost mál... | 1 | ||
| 9. | Na obrázku vidíme znak pražské... | 1 | ||
| 10. | Jak se nazývá nejnovější česká... | 1 |